01121naa#a2200181#i#4500001002300000005001700023011001400040100004100054102000700095200036400102210016900466215001100635608004500646675012500691700005200816700005700868856001400925RU\INFRA-M\bibl\10427320260512072554.2##a2500-0543##a20251031b2025####ek#y0rusy0150####ca##aRU1#aПодкастинг как инструмент трансформации образовательных парадигм в условиях цифровой метаморфозы: педагогический дизайн и анализ дидактических и технологических импликацийeЖурнальная статья1#aМоскваcОбщество с ограниченной ответственностью «Научно-издательский центр ИНФРА-М»d2025##a12 с.##aЖурнальная статья2local##aНародное образование. Воспитание. Обучение. Организация досуга. 37#1aЛукинскийgИван Сергеевич#1aГоршеневаgИрина Аркадьевна 4#azh-szf.ru